header

The ECG workbook (Record no. 120688)

MARC details
000 -LEADER
fixed length control field 01254nam a2200325Ia 4500
100 1# - MAIN ENTRY--AUTHOR NAME
Personal name Rowlands, Angela.
245 14 - TITLE STATEMENT
Title The ECG workbook
250 ## - EDITION STATEMENT
Edition statement 2nd ed.
260 ## - PUBLICATION, DISTRIBUTION, ETC. (IMPRINT)
Place of publication Cumbria [England] :
Name of publisher M&K,
Year of publication 2011.
300 ## - PHYSICAL DESCRIPTION
Number of Pages viii, 99 p. :
Other physical details col. ill.
500 ## - GENERAL NOTE
General note Previous edition: 2008.
650 #0 - SUBJECT ADDED ENTRY--TOPICAL TERM
Topical Term Electrocardiography.
Topical Term Electrocardiography
Topical Term Heart
700 1# - ADDED ENTRY--PERSONAL NAME
Personal name Sargent, Andrew.
856 40 - ELECTRONIC LOCATION AND ACCESS
Uniform Resource Identifier http://site.ebrary.com/lib/rucke/Doc?id=10484323

No items available.

© 2026 Rongo University
Contact us: librarian | system librarian | Rongo university